000 00309nam a22001337a 4500
008 171005b xxu||||| |||| 00| 0 eng d
020 _a9780879759407
041 _aeng
080 _a159.9
100 _a48
101 _apsi
245 _aWHY I AM AN AGNOSTIC AND OTHER
_cDARROW.C
942 _2udc
_cBK
999 _c31885
_d31885